[Event "Titled Tue 3rd Jun Early"]
[Site "chess.com INT"]
[Date "2025.06.03"]
[Round "7"]
[White "Begunov, Konstantin"]
[Black "Jiganchine, Roman"]
[Result "1-0"]
[WhiteTitle "FM"]
[BlackTitle "CM"]
[WhiteElo "2325"]
[BlackElo "2205"]
[WhiteFideId "4118510"]
[BlackFideId "2603667"]
[EventDate "2025.06.03"]

1. d4 d5 2. c4 e6 3. Nc3 Nf6 4. cxd5 exd5 5. Bg5 c6 6. e3 Bf5 7. Qf3 Be6 8. Bxf6
Qxf6 9. Qxf6 gxf6 10. Bd3 Nd7 11. Nge2 b5 12. Rc1 Nb6 13. O-O Bb4 14. Ng3 Nc4
15. b3 Nd6 16. Nce2 Kd7 17. f4 Bd2 18. f5 Bxe3+ 19. Kh1 Bxc1 20. fxe6+ fxe6 21.
Nxc1 f5 22. Nce2 h5 23. Nf4 h4 24. Nge2 Rag8 25. Nc3 a5 26. Re1 Ne4 27. Bxe4
fxe4 28. Nd1 Rg4 29. Ne2 Rf8 30. Ne3 Rg5 31. Kg1 Kd6 32. Rc1 b4 33. h3 e5 34.
dxe5+ Rxe5 35. Nd4 c5 36. Ne2 Rg5 37. Ng4 d4 38. Rd1 Kd5 39. g3 hxg3 40. Nxg3
Rf3 41. Kg2 Rc3 42. Rd2 e3 43. Re2 Rc1 44. Nf6+ Ke6 45. Ne4 Rg8 46. h4 Kd5 47.
h5 Rg5 48. Nxg5 c4 49. bxc4+ Kxc4 50. h6 Kd3 51. h7 Rc8 52. Nf7 Rf8 53. h8=Q
Rxh8 54. Nxh8 a4 55. Nf7 b3 56. Ne5+ Kc3 57. axb3 axb3 58. Ne4+ Kb4 59. Kf3 Ka3
60. Nd3 b2 61. Rxb2 Ka4 62. Ke2 Ka3 63. Ng5 Ka4 64. Nf3 Ka3 65. Nxd4 Ka4 66.
Rb4+ Ka3 67. Nc2+ Ka2 68. Rb2# 1-0

[Event "Titled Tue 3rd Jun Early"]
[Site "chess.com INT"]
[Date "2025.06.03"]
[Round "7"]
[White "Shymanskyi, Oleksandr"]
[Black "Brenke, Andreas"]
[Result "1/2-1/2"]
[WhiteTitle "FM"]
[BlackTitle "FM"]
[WhiteElo "2218"]
[BlackElo "2349"]
[WhiteFideId "14168880"]
[BlackFideId "4602900"]
[EventDate "2025.06.03"]

1. b3 d5 2. Bb2 Bg4 3. f3 Bd7 4. e4 Nf6 5. e5 Ng8 6. d4 e6 7. Bd3 c5 8. c3 Nc6
9. Ne2 cxd4 10. cxd4 Bb4+ 11. Nd2 Qa5 12. a3 Bxd2+ 13. Qxd2 Qxd2+ 14. Kxd2 Na5
15. Bc2 Ne7 16. Bc3 b6 17. g4 Bb5 18. Nf4 Rc8 19. a4 Ba6 20. Rac1 Kd7 21. Bxa5
bxa5 22. Bd3 Bxd3 23. Nxd3 Nc6 24. Ke3 Nb4 25. Nc5+ Ke7 26. f4 Rc6 27. f5 h5 28.
h3 h4 29. Rh2 Rb8 30. Rf2 Na6 31. fxe6 fxe6 32. Rcf1 Nxc5 33. Rf7+ Kd8 34. Rf8+
Kc7 35. R1f7+ Nd7 36. Rxd7+ Kxd7 37. Rxb8 Rc3+ 38. Kf4 Rxh3 39. Rb7+ Kc6 40.
Rxg7 Rxb3 41. Rh7 Rb4 42. Rxh4 Rxd4+ 43. Kg5 Rxa4 44. Kf6 d4 45. g5 Kd5 46. g6
Ra1 47. Rg4 Rf1+ 48. Ke7 Rb1 49. g7 Rb8 50. g8=Q Rxg8 51. Rxg8 Kxe5 52. Rg5+ Ke4
53. Kxe6 d3 54. Re5+ Kd4 55. Rd5+ Kc3 56. Rc5+ Kd4 57. Rxa5 d2 58. Rxa7 Ke3 59.
Ra1 Ke2 60. Ra2 Ke1 61. Rxd2 Kxd2 1/2-1/2

[Event "Titled Tue 3rd Jun Early"]
[Site "chess.com INT"]
[Date "2025.06.03"]
[Round "7"]
[White "Lazaro Azcutia, Miguel"]
[Black "Lamard, Guillaume"]
[Result "0-1"]
[WhiteTitle "CM"]
[BlackTitle "GM"]
[WhiteElo "2275"]
[BlackElo "2500"]
[WhiteFideId "54538254"]
[BlackFideId "600261"]
[EventDate "2025.06.03"]

1. e4 Nc6 2. Nf3 d6 3. d4 Nf6 4. d5 Nb8 5. Nc3 g6 6. Be2 Bg7 7. O-O c6 8. Re1
O-O 9. a4 a5 10. h3 Na6 11. Bf1 Nb4 12. Be3 Bd7 13. Bd4 cxd5 14. exd5 Rc8 15.
Qd2 Re8 16. Rac1 Qc7 17. Nb5 Bxb5 18. Bxb5 Red8 19. c4 Bf8 20. h4 Na6 21. Qf4
Nc5 22. Rcd1 Bg7 23. Bc3 b6 24. g4 Rf8 25. h5 e5 26. dxe6 Nxe6 27. Qxd6 Nxg4 28.
Bxg7 Kxg7 29. Qxc7 Rxc7 30. Rd6 Rb8 31. Red1 Nf6 32. hxg6 hxg6 33. Ne5 Nf4 34.
Kf1 Rh8 35. Nf3 Rh1+ 36. Ng1 Rc5 37. R6d4 Rg5 38. Rxf4 Rgxg1+ 39. Ke2 Rxd1 40.
c5 Rhe1+ 41. Kf3 bxc5 42. Rc4 Rd4 43. Rxc5 Ree4 44. Rc7 Rf4+ 45. Kg2 Rb4 46. b3
Ng4 47. Bc4 Rb6 48. Kg3 Rbf6 49. Be2 Nxf2 50. Bc4 Ne4+ 51. Kg2 Rf2+ 52. Kh3 g5
53. Kg4 R2f4+ 54. Kh3 Rh6+ 55. Kg2 Rhh4 56. Kg1 Rhg4+ 57. Kh2 Rg3 58. Bd3 Rh4# 0-1

[Event "Titled Tue 3rd Jun Early"]
[Site "chess.com INT"]
[Date "2025.06.03"]
[Round "7"]
[White "Mitrabha, Guha"]
[Black "Tristan, Leonardo"]
[Result "0-1"]
[WhiteTitle "GM"]
[BlackTitle "GM"]
[WhiteElo "2515"]
[BlackElo "2536"]
[WhiteFideId "5057000"]
[BlackFideId "113816"]
[EventDate "2025.06.03"]

1. c4 e6 2. Nf3 d5 3. g3 Nf6 4. Bg2 Be7 5. O-O O-O 6. b3 a5 7. Nc3 c6 8. d4 b6
9. Bb2 Ba6 10. Ne5 Nfd7 11. cxd5 cxd5 12. Nxd7 Qxd7 13. Re1 Nc6 14. Qd2 Rac8 15.
Rac1 Bf6 16. e3 Nb4 17. Ba3 Nd3 18. Bxf8 Kxf8 19. Bf1 Nxe1 20. Qxe1 Bxf1 21.
Qxf1 Be7 22. Na4 Rxc1 23. Qxc1 b5 24. Nc5 Qc6 25. a3 b4 26. axb4 axb4 27. Qc2 g6
28. Kg2 e5 29. Qa2 Bxc5 30. Qc2 Ke7 31. dxc5 d4+ 32. e4 f5 33. f3 fxe4 34. fxe4
Kd7 35. h4 Kc7 36. Kh3 Qe6+ 37. Kg2 Kc6 38. Qa2 Kxc5 39. Qa5+ Kc6 40. Qxb4 Qd6
41. Qa4+ Kb6 42. b4 d3 43. Qa5+ Kb7 44. Qb5+ Kc7 45. Qc4+ Kb6 46. Qb3 d2 47. Qd1
Qd3 48. Kh3 Kb5 49. h5 Kxb4 50. h6 Kc4 51. Qa4+ Kc3 52. Qa3+ Kd4 53. Qa7+ Kxe4
54. Qb7+ Ke3 55. Qb6+ Ke2 56. Qb2 Qf5+ 57. Kg2 Qf2+ 58. Kh3 Qe3 59. Qb5+ Kf2 60.
Qb2 Qxg3# 0-1

[Event "Titled Tue 3rd Jun Early"]
[Site "chess.com INT"]
[Date "2025.06.03"]
[Round "7"]
[White "Durarbayli, Vasif"]
[Black "Jake Shanty"]
[Result "1/2-1/2"]
[WhiteTitle "GM"]
[BlackTitle "FM"]
[WhiteElo "2612"]
[BlackElo "2252"]
[WhiteFideId "13402935"]
[BlackFideId "33478066"]
[EventDate "2025.06.03"]

1. e4 c5 2. Nf3 d6 3. d4 cxd4 4. Nxd4 Nf6 5. Nc3 a6 6. Be2 e5 7. Nb3 Be7 8. h4
Be6 9. f4 exf4 10. Bxf4 Nc6 11. Qd2 Ne5 12. O-O-O Rc8 13. Qe3 Qc7 14. h5 h6 15.
Kb1 b5 16. a3 O-O 17. Nd4 Nc4 18. Bxc4 Qxc4 19. Qg3 Kh8 20. Nxe6 Qxe6 21. e5
dxe5 22. Bxe5 Qg4 23. Qxg4 Nxg4 24. Nd5 Bxa3 25. Nb6 Rc6 26. Nd7 Nxe5 27. Nxe5
Re6 28. Nd7 Rc8 29. bxa3 Re2 30. Rc1 Rxg2 31. Ne5 Kg8 32. Rhf1 Rc7 33. Rf5 Re2
34. Nd3 Re4 35. Nb4 Rec4 36. Nxa6 Ra7 37. Nb4 Rxa3 38. Rxb5 Rh3 39. Kb2 Rhh4 40.
Nd3 Rcg4 41. Rf1 Rg3 42. Rb8+ Kh7 43. Ne5 Rxh5 44. Nxf7 Rc5 45. Rh8+ Kg6 46. Rf2
h5 47. Nd6 Rg4 48. Nf5 Rxf5 49. Rxf5 Kxf5 50. Rxh5+ Rg5 51. Rh1 Kf6 52. c4 Rc5
53. Kc3 g5 54. Kd4 Rc8 55. Rf1+ Kg6 56. c5 g4 57. Kd5 Kg5 58. c6 g3 59. Kd6 Kg4
60. Rg1 Kf3 61. Kd7 Rxc6 62. Kxc6 g2 63. Rxg2 Kxg2 1/2-1/2

[Event "Titled Tue 3rd Jun Early"]
[Site "chess.com INT"]
[Date "2025.06.03"]
[Round "7"]
[White "Maghsoodloo, Parham"]
[Black "Nguyen, Ngoc Truong Son"]
[Result "0-1"]
[WhiteTitle "GM"]
[BlackTitle "GM"]
[WhiteElo "2706"]
[BlackElo "2632"]
[WhiteFideId "12539929"]
[BlackFideId "12401110"]
[EventDate "2025.06.03"]

1. d4 Nf6 2. c4 e6 3. Nc3 d5 4. e3 Be7 5. Bd2 O-O 6. Rc1 Nbd7 7. Nf3 c5 8. cxd5
Nxd5 9. Nxd5 exd5 10. dxc5 Nxc5 11. Bb4 Ne4 12. Bxe7 Qxe7 13. a3 Bg4 14. Be2 Qf6
15. Qd4 Bxf3 16. Qxf6 Nxf6 17. Bxf3 Rfc8 18. Ke2 Kf8 19. g4 h6 20. h4 Ke7 21.
Kd3 g5 22. hxg5 hxg5 23. Kd4 Kd6 24. Rxc8 Rxc8 25. Rh6 Ke7 26. Kd3 b6 27. Be2
Rc1 28. f3 Rb1 29. Kc2 Re1 30. Rh2 Nd7 31. Kd2 Rb1 32. Kc3 Nc5 33. Kc2 Re1 34.
Kd2 Rb1 35. Kc2 Re1 36. Rf2 Ne6 37. Kd2 Rb1 38. Kc2 Re1 39. Kd2 Rb1 40. Kc3 Kd6
41. Bd3 Rh1 42. Bf5 Re1 43. Kd2 Rh1 44. f4 gxf4 45. exf4 Nc5 46. b4 Nb3+ 47. Kc3
Rh3+ 48. Kb2 Nd4 49. Bc8 Rb3+ 50. Ka2 Rf3 51. Rxf3 Nxf3 52. Kb2 Nd4 53. g5 Ne6
54. Bxe6 Kxe6 55. Kc3 Kf5 56. Kd4 Kxf4 57. Kxd5 Kxg5 58. Kc6 f5 59. Kb7 f4 60.
Kxa7 f3 61. a4 f2 62. a5 b5 63. a6 f1=Q 64. Kb6 Qc4 65. a7 Qd5 66. Ka5 Kf5 67.
Ka6 Ke4 68. Ka5 Kd4 69. Kb6 Kc4 70. Ka5 Qb7 71. a8=Q Qxa8+ 0-1

[Event "Titled Tue 3rd Jun Early"]
[Site "chess.com INT"]
[Date "2025.06.03"]
[Round "7"]
[White "Manukian, Artak"]
[Black "Munoz Ramos, Christopher"]
[Result "1-0"]
[BlackTitle "FM"]
[WhiteElo "2104"]
[BlackElo "2133"]
[WhiteFideId "13301373"]
[BlackFideId "3439615"]
[EventDate "2025.06.03"]

1. e4 c5 2. Nf3 d6 3. Bb5+ Bd7 4. Bxd7+ Qxd7 5. c4 Nc6 6. Nc3 Nf6 7. O-O e5 8.
Rb1 Be7 9. a3 g5 10. b4 cxb4 11. axb4 g4 12. Ne1 h5 13. b5 Nd4 14. Nc2 Nxc2 15.
Qxc2 Rg8 16. Nd5 Nxd5 17. exd5 h4 18. Qh7 O-O-O 19. Qxf7 Kb8 20. Qe6 Qc7 21. d3
g3 22. Be3 b6 23. Ra1 gxh2+ 24. Kxh2 h3 25. gxh3 Rde8 26. Rg1 Qd8 27. Rxg8 Rxg8
28. Rg1 Rxg1 29. Kxg1 Bg5 30. Qg6 Bxe3 31. fxe3 Qf8 32. Kg2 Kc7 33. h4 Qe7 34.
Kg3 e4 35. Qxe4 Qg7+ 36. Qg4 Qe5+ 37. Qf4 Qg7+ 38. Qg5 Qh7 39. e4 Qf7 40. h5 Qf1
41. h6 Qxd3+ 42. Kf4 Qd2+ 43. Kf5 Qf2+ 44. Kg6 Qc2 45. Qf5 Qg2+ 46. Kh7 a5 47.
bxa6 b5 48. cxb5 Kb6 49. Kh8 Qb2+ 50. Kg8 Qg2+ 51. Kf7 Kxb5 52. a7 Qa2 53. Qd7+
Kc5 54. Qc7+ Kd4 55. h7 Qf2+ 56. Ke8 Qf6 57. Qe7 Qh8+ 58. Kd7 Qa8 59. Kxd6 Qc8
60. Qc7 Qf8+ 61. Kc6 Qc5+ 62. Kb7 1-0

[Event "Titled Tue 3rd Jun Early"]
[Site "chess.com INT"]
[Date "2025.06.03"]
[Round "7"]
[White "Baturin-Vinogradov, Miroslav"]
[Black "Fernandes, Rogerio Paulo Muller"]
[Result "1-0"]
[WhiteTitle "CM"]
[WhiteElo "2010"]
[BlackElo "2241"]
[WhiteFideId "55745741"]
[BlackFideId "2101599"]
[EventDate "2025.06.03"]

1. d4 Nf6 2. c4 c5 3. d5 b5 4. cxb5 a6 5. bxa6 Bxa6 6. Nc3 g6 7. Nf3 d6 8. e4
Bxf1 9. Kxf1 Bg7 10. g3 O-O 11. Kg2 Nbd7 12. a4 Ra6 13. Re1 Qa8 14. Nb5 Qb7 15.
Bd2 e6 16. dxe6 fxe6 17. Qb3 d5 18. exd5 exd5 19. Kg1 Ne4 20. Bf4 c4 21. Qe3
Ndc5 22. Nd6 Qe7 23. Nxe4 Nxe4 24. Ra2 Qa7 25. Qxa7 Rxa7 26. Rd1 Rd8 27. Nd4
Bxd4 28. Rxd4 Nc5 29. Ra1 Rxa4 30. Rad1 Ne6 31. Rxd5 Rxd5 32. Rxd5 Nxf4 33. gxf4
Rb4 34. Rc5 Kg7 35. Kg2 Kf6 36. Kg3 h5 37. h3 Ke6 38. Kf3 Rb3+ 39. Ke4 Rxb2 40.
Rxc4 Rxf2 41. Rc6+ Kf7 42. Rc7+ Kf6 43. Rc6+ Kf7 44. Rc3 Kf6 45. Ke3 Rh2 46. Ke4
h4 47. Rc6+ Kg7 48. Rc3 Kh6 49. Ke5 Kh5 50. Kf6 Rf2 51. Rc5+ Kh6 52. Ke5 Rf3 53.
Rc8 Rxh3 54. Kf6 Kh5 55. Rh8+ Kg4 56. Kxg6 Kxf4 57. Ra8 Rg3+ 58. Kh5 h3 59. Ra4+
Kf3 60. Kh4 h2 61. Ra3+ Kf2 62. Ra2+ Kg1 63. Ra1+ Kg2 64. Ra2+ Kh1 65. Kxg3 Kg1
66. Ra1# 1-0

[Event "Titled Tue 3rd Jun Early"]
[Site "chess.com INT"]
[Date "2025.06.03"]
[Round "7"]
[White "Deac, Bogdan-Daniel"]
[Black "Klukin, Kirill"]
[Result "0-1"]
[WhiteTitle "GM"]
[BlackTitle "IM"]
[WhiteElo "2668"]
[BlackElo "2407"]
[WhiteFideId "1226380"]
[BlackFideId "24199273"]
[EventDate "2025.06.03"]

1. d4 e6 2. Nf3 f5 3. Bg5 Be7 4. h4 Nf6 5. Nbd2 b6 6. Bxf6 Bxf6 7. e4 fxe4 8.
Nxe4 Bb7 9. Bd3 Nc6 10. c3 Qe7 11. Qe2 O-O-O 12. O-O-O Kb8 13. Kb1 Rhf8 14. h5
d5 15. Ned2 h6 16. Rhe1 Bc8 17. Bb5 Na5 18. Nb3 Nxb3 19. axb3 Qd6 20. b4 c6 21.
Bd3 Qf4 22. Bg6 Bd7 23. g3 Qd6 24. Rd2 Rc8 25. Ne5 Bxe5 26. Qxe5 Qxe5 27. Rxe5
c5 28. bxc5 bxc5 29. f4 cxd4 30. Rxd4 Kc7 31. c4 dxc4 32. Kc2 Rb8 33. Rc5+ Kb6
34. Rcxc4 Bb5 35. Rd6+ Ka5 36. Rcd4 Rfc8+ 37. Kb1 Rb6 38. Rxb6 Kxb6 39. Rd6+ Rc6
40. Rd4 Rc4 41. Rd6+ Rc6 42. Rd2 a5 43. Be4 Rc4 44. Rd6+ Kc5 45. Rxe6 Rxe4 46.
Rg6 Re1+ 47. Kc2 Re2+ 48. Kc3 Re3+ 49. Kd2 Re7 50. g4 Kb4 51. g5 hxg5 52. fxg5
a4 53. h6 gxh6 54. gxh6 Re2+ 55. Kc1 Rh2 56. Rb6 Kc4 57. Rg6 Kc5 58. Rg5+ Kb4
59. Rg6 Bd3 60. Rc6 Be4 61. Re6 Bd5 62. Rd6 Kc5 63. Rg6 Bb3 64. Rg5+ Kd6 65.
Rg6+ Ke5 66. Rg5+ Kf6 67. Rb5 Rc2+ 68. Kb1 Rd2 0-1

[Event "Titled Tue 3rd Jun Early"]
[Site "chess.com INT"]
[Date "2025.06.03"]
[Round "7"]
[White "Miranda Camus, Joaquin Ignacio"]
[Black "Fedorov, Artem Alek"]
[Result "1-0"]
[WhiteTitle "FM"]
[BlackTitle "CM"]
[WhiteElo "2196"]
[BlackElo "2198"]
[WhiteFideId "3449300"]
[BlackFideId "34418431"]
[EventDate "2025.06.03"]

1. Nf3 d5 2. g3 Nf6 3. Bg2 c5 4. O-O e6 5. d3 Nc6 6. Nbd2 g6 7. e4 Bg7 8. Re1
O-O 9. c3 a5 10. a4 b6 11. Qc2 Ba6 12. exd5 Nxd5 13. Nc4 Qd7 14. h4 Rfd8 15. Bg5
Re8 16. Rad1 h6 17. Bc1 Rad8 18. Nh2 b5 19. axb5 Bxb5 20. Ng4 h5 21. Nge5 Nxe5
22. Nxe5 Qc7 23. Nf3 Bc6 24. Ng5 Rb8 25. Qe2 a4 26. g4 hxg4 27. Qxg4 a3 28. bxa3
Nxc3 29. Rd2 Bxg2 30. Qxg2 Rb1 31. Rc2 Rd8 32. h5 gxh5 33. Rxc3 Qe7 34. Rc4 e5
35. Ne4 f5 36. Ng3 Qf7 37. Bd2 Rxd3 38. Rxb1 Rxd2 39. Rb8+ Kh7 40. Rxc5 Rd1+ 41.
Nf1 Rd4 42. Rcc8 Rg4 43. Ng3 f4 44. Rb7 Qg6 45. Rcc7 fxg3 46. Rxg7+ Qxg7 47.
Rxg7+ Kxg7 48. fxg3 h4 49. Qb7+ Kg6 50. Kf2 Rxg3 51. Qc6+ Kg5 52. Qc1+ Kg4 53.
Qd1+ Kf4 54. Qd2+ Kg4 55. Qb4+ Kg5 56. Qe4 Rxa3 57. Qxe5+ Kg4 58. Qd4+ Kh3 59.
Qd7+ Kh2 60. Qd6+ Rg3 61. Kf1 h3 62. Qf4 Kh1 63. Qxg3 h2 64. Qg2# 1-0

[Event "Titled Tue 3rd Jun Early"]
[Site "chess.com INT"]
[Date "2025.06.03"]
[Round "7"]
[White "Aarav Sinha"]
[Black "Khamdamova, Afruza"]
[Result "1-0"]
[WhiteTitle "FM"]
[BlackTitle "WIM"]
[WhiteElo "2255"]
[BlackElo "2344"]
[WhiteFideId "25674064"]
[BlackFideId "14210444"]
[EventDate "2025.06.03"]

1. e4 e5 2. Nf3 Nc6 3. Nc3 Nf6 4. d4 exd4 5. Nxd4 Bb4 6. Nxc6 bxc6 7. Bd3 O-O 8.
O-O d5 9. exd5 cxd5 10. Bg5 c6 11. Qf3 a5 12. a3 Bd6 13. h3 Rb8 14. Rab1 Be5 15.
Rfe1 Bxc3 16. bxc3 Rxb1 17. Rxb1 Re8 18. Bxf6 Qxf6 19. Qxf6 gxf6 20. Rb6 Bd7 21.
Ra6 c5 22. Rxa5 c4 23. Bf1 Be6 24. a4 Kg7 25. g3 Rb8 26. Rb5 Ra8 27. a5 Bf5 28.
Rxd5 Bxc2 29. Bxc4 Rc8 30. Rd4 Bd1 31. Kg2 Ba4 32. Bxf7 Bc6+ 33. Bd5 Bxd5+ 34.
Rxd5 Rxc3 35. a6 Ra3 36. Rd7+ Kg6 37. a7 h5 38. h4 Kf5 39. Rg7 Ke4 40. Rh7 Ra5
41. Rxh5 Rxa7 42. Rb5 f5 43. Rb4+ Ke5 44. f3 Rc7 45. Kh3 Rc3 46. f4+ Kf6 47. h5
Rc1 48. Rb6+ Kf7 49. Kh4 Rg1 50. h6 Rg2 51. Ra6 Rg1 52. Kg5 Rxg3+ 53. Kxf5 Rh3
54. Ra7+ Kg8 55. h7+ Kh8 56. Kf6 1-0

[Event "Titled Tue 3rd Jun Early"]
[Site "chess.com INT"]
[Date "2025.06.03"]
[Round "7"]
[White "Demchenko, Anton"]
[Black "Saydaliev, Saidakbar"]
[Result "1/2-1/2"]
[WhiteTitle "GM"]
[BlackTitle "IM"]
[WhiteElo "2619"]
[BlackElo "2460"]
[WhiteFideId "4160258"]
[BlackFideId "14203693"]
[EventDate "2025.06.03"]

1. e4 e6 2. d4 d5 3. Nd2 c5 4. exd5 Qxd5 5. dxc5 Qxc5 6. Ngf3 Nd7 7. Bd3 Ngf6 8.
O-O Be7 9. a4 O-O 10. a5 Qc7 11. c3 Nc5 12. Bc2 Bd7 13. Qe2 Bc6 14. Nd4 Rfe8 15.
b4 Ncd7 16. Bb2 a6 17. Rfe1 Bf8 18. Nxc6 Qxc6 19. Ne4 Qc7 20. Red1 Red8 21. Rab1
Nd5 22. g3 Ne5 23. Bb3 Rac8 24. Rd4 Ne7 25. Rxd8 Rxd8 26. Rd1 Rxd1+ 27. Bxd1 Nc4
28. Bc1 Nd5 29. Bb3 Nd6 30. Bxd5 exd5 31. Nxd6 Qxd6 32. Be3 Qe6 33. Qf3 g6 34.
Qf4 Bd6 35. Qd4 Be5 36. Qc5 Qc6 37. Qxc6 bxc6 38. Bd2 f5 39. f3 Kf7 40. Kf2 Ke6
41. Ke2 Bf6 42. Kd3 Kd7 43. c4 Be7 44. h3 h5 45. g4 Ke6 46. Be1 Bd6 47. Bd2 Ke5
48. Kc3 Be7 49. Kd3 Bh4 50. Kc3 Bf2 51. Kd3 Bg1 52. Kc3 fxg4 53. fxg4 hxg4 54.
hxg4 Ke4 55. b5 cxb5 56. cxb5 axb5 57. Kb4 d4 58. Kxb5 d3 59. a6 Kf3 60. Kc4 Ke2
61. Kc3 Ba7 62. Bh6 Bb6 63. Bg5 Ba5+ 64. Kc4 Bb6 65. Kc3 Ba7 66. Bh6 Bf2 67. Bg5
Ba7 68. Bh6 1/2-1/2

[Event "Titled Tue 3rd Jun Early"]
[Site "chess.com INT"]
[Date "2025.06.03"]
[Round "7"]
[White "Safin Safarullakhan"]
[Black "Gurevich, Dmitry"]
[Result "0-1"]
[WhiteTitle "CM"]
[BlackTitle "GM"]
[WhiteElo "2109"]
[BlackElo "2347"]
[WhiteFideId "33379475"]
[BlackFideId "2000407"]
[EventDate "2025.06.03"]

1. e4 c5 2. Nf3 d6 3. d4 cxd4 4. Nxd4 Nf6 5. Nc3 Nc6 6. Bc4 Bd7 7. O-O g6 8. h3
Nxd4 9. Qxd4 Bg7 10. Be3 O-O 11. Qd2 Rc8 12. Bb3 a6 13. a4 Be6 14. Ra3 Re8 15.
Bxe6 fxe6 16. Rb3 Qd7 17. Rd1 Qc6 18. f3 Nd7 19. Bd4 Bxd4+ 20. Qxd4 Rc7 21. f4
Qc5 22. Kh2 Qxd4 23. Rxd4 e5 24. Rd2 Nc5 25. Rb4 exf4 26. Nd5 Rc6 27. Nxf4 a5
28. Rc4 Nd7 29. Rxc6 bxc6 30. b3 Ne5 31. Ne6 Kf7 32. Nc7 Rc8 33. Rf2+ Kg8 34.
Ne6 c5 35. g4 c4 36. Nf4 h6 37. Nd5 Re8 38. Kg3 Kg7 39. h4 e6 40. Nc7 Re7 41.
Nb5 d5 42. exd5 exd5 43. Re2 cxb3 44. cxb3 g5 45. hxg5 hxg5 46. Nd4 Kf6 47. Rf2+
Kg6 48. Re2 Kf6 49. Nf5 Rc7 50. Nd4 Rc3+ 51. Kg2 Nd3 52. Rd2 Nf4+ 53. Kf2 Ke5
54. Nf3+ Kf6 55. Nd4 Ne6 56. Nxe6 Kxe6 57. Re2+ Kd6 58. Rb2 Kc5 59. Ke2 d4 0-1

[Event "Titled Tue 3rd Jun Early"]
[Site "chess.com INT"]
[Date "2025.06.03"]
[Round "7"]
[White "Skliarov, Viktor"]
[Black "Reshetnikov, Alexey"]
[Result "0-1"]
[WhiteTitle "IM"]
[BlackTitle "IM"]
[WhiteElo "2334"]
[BlackElo "2492"]
[WhiteFideId "14106736"]
[BlackFideId "4162080"]
[EventDate "2025.06.03"]

1. e4 e6 2. d4 d5 3. e5 c5 4. c3 Nc6 5. Nf3 Nge7 6. a3 Nf5 7. b4 cxd4 8. cxd4
Bd7 9. Nc3 Rc8 10. Bb2 Be7 11. Be2 O-O 12. O-O f6 13. g4 Nh6 14. exf6 Bxf6 15.
h3 Nf7 16. Bd3 g6 17. Ne2 Bg7 18. b5 Na5 19. a4 Nc4 20. Bc1 e5 21. Bxc4 dxc4 22.
dxe5 c3 23. Bf4 Be6 24. Qxd8 Rfxd8 25. Rfc1 Bd5 26. Ng5 Nxe5 27. Nxc3 Nd3 28.
Nxd5 Rxc1+ 29. Rxc1 Nxc1 30. Ne7+ Kf8 31. Ne6+ Kxe7 32. Nxd8 Ne2+ 33. Kf1 Nxf4
34. Nxb7 Nxh3 35. Na5 Kd6 36. Nc6 a6 37. Nb8 axb5 38. axb5 Bd4 39. f3 Ng5 40.
Kg2 Ne6 41. Nc6 Bc5 42. Na5 Nd4 43. Nc4+ Kd5 44. Ne3+ Ke6 45. Nc4 Nxb5 46. Nd2
Nc3 47. Nf1 Bd6 48. Ne3 Nd5 49. Nc4 Be5 50. Kf2 Bd4+ 51. Kg2 Ba7 52. Nb2 Ne3+
53. Kh3 Bb8 54. Nd3 Nd5 55. Nc5+ Ke7 56. Ne4 Be5 57. Kg2 Nf4+ 58. Kf2 Ne6 59.
Kg2 Bd4 60. Kg3 h6 61. f4 Ng7 62. Kf3 Bb6 63. Ng3 Bc7 64. Ne4 Ne6 65. f5 Ng5+
66. Nxg5 hxg5 67. Ke4 Kf6 68. fxg6 Kxg6 69. Kd5 Kf6 70. Ke4 Bf4 71. Kd5 Ke7 72.
Kc6 Ke6 73. Kc5 Ke5 74. Kc4 Ke4 75. Kc5 Kf3 0-1

[Event "Titled Tue 3rd Jun Early"]
[Site "chess.com INT"]
[Date "2025.06.03"]
[Round "7"]
[White "Tang, Andrew"]
[Black "Vasquez Schroeder, Rodrigo"]
[Result "1-0"]
[WhiteTitle "GM"]
[BlackTitle "GM"]
[WhiteElo "2529"]
[BlackElo "2446"]
[WhiteFideId "2059630"]
[BlackFideId "3400042"]
[EventDate "2025.06.03"]

1. d4 Nf6 2. Bf4 d6 3. Nc3 Nbd7 4. Nf3 c5 5. d5 b5 6. Nxb5 Qa5+ 7. Nc3 Rb8 8.
Bd2 Rxb2 9. e4 Qd8 10. Bb5 a6 11. Bc6 g6 12. e5 dxe5 13. Nxe5 Bg7 14. Nd3 Rb8
15. Nxc5 O-O 16. Nd3 Nb6 17. Nf4 Kh8 18. O-O g5 19. Nfe2 Nfxd5 20. Rb1 Be6 21.
Nxd5 Bxd5 22. Bxd5 Qxd5 23. Be3 Qc6 24. Bxg5 Nd5 25. Bd2 Rfc8 26. Rxb8 Rxb8 27.
Ng3 Rc8 28. Qh5 Kg8 29. h3 Nf6 30. Qh4 Qc4 31. Qg5 h6 32. Qe5 e6 33. Ne2 Nd5 34.
Qh5 Nf6 35. Qf3 Rd8 36. Be3 Qxc2 37. Ng3 Kh7 38. Bf4 Qxa2 39. Be5 Qd5 40. Qf4
Nh5 41. Nxh5 Qxe5 42. Qxf7 Rf8 43. Qxg7+ Qxg7 44. Nxg7 Kxg7 45. Ra1 Ra8 46. Ra5
Kf6 47. Kf1 Ke7 48. Ke2 Kd6 49. Kd3 Kc6 50. f3 Kb6 51. Rh5 Rh8 52. g4 Kc6 53.
Ra5 Kb6 54. Re5 Re8 55. f4 Kc6 56. Rh5 Rh8 57. Ra5 Kb6 58. Re5 Re8 59. Kc3 Kc7
60. Ra5 Ra8 61. Rh5 Rf8 62. f5 exf5 63. gxf5 Rf6 64. Kd4 Kd6 65. Ke4 a5 66. Rh4
a4 67. Rg4 Kc5 68. Ke5 Ra6 69. f6 a3 70. f7 Ra8 71. Rg8 Ra5 72. f8=Q+ Kc4+ 73.
Ke4 a2 74. Qc8+ Kb3 75. Rg3+ Kb2 76. Qc3+ 1-0

[Event "Titled Tue 3rd Jun Early"]
[Site "chess.com INT"]
[Date "2025.06.03"]
[Round "7"]
[White "Dann, Matthias"]
[Black "Tikhonov, Viacheslav"]
[Result "1/2-1/2"]
[WhiteTitle "IM"]
[BlackTitle "CM"]
[WhiteElo "2446"]
[BlackElo "2183"]
[WhiteFideId "24638056"]
[BlackFideId "44196407"]
[EventDate "2025.06.03"]

1. e4 c5 2. Nf3 Nc6 3. Nc3 g6 4. d4 cxd4 5. Nxd4 Bg7 6. Be3 Nf6 7. Bc4 O-O 8.
Bb3 Qa5 9. O-O d6 10. h3 Bd7 11. Re1 Rfe8 12. Qd3 Nxd4 13. Bxd4 Bc6 14. Nd5 Rad8
15. Nxf6+ exf6 16. Bc3 Qc5 17. Rad1 Rd7 18. a3 Red8 19. Bd4 Qa5 20. Qg3 d5 21.
e5 fxe5 22. Bxe5 d4 23. Bxg7 Kxg7 24. Qf4 Qc5 25. Re5 Qd6 26. Qg3 f6 27. Re6
Qxg3 28. fxg3 d3 29. g4 d2 30. Bc4 Rd4 31. Bd3 Ba4 32. Rxd2 Bxc2 33. Rxc2 Rxd3
34. Re7+ Kh6 35. Rxb7 Kg5 36. Rxa7 h6 37. Kh2 Rd1 38. Rac7 Rb1 39. R7c5+ f5 40.
gxf5 gxf5 41. Rf2 Rf8 42. g4 h5 43. Rcxf5+ Rxf5 44. Rxf5+ Kg6 45. Rxh5 Rxb2+ 46.
Kg3 Rb3+ 47. Kh4 Rxa3 48. Rb5 Ra6 49. Rc5 Rb6 50. Re5 Ra6 51. Re3 Ra1 52. Re6+
Kf7 53. Rb6 Ra3 54. g5 Kg7 55. Kg4 Ra1 56. h4 Ra4+ 57. Kh5 Ra7 58. Rc6 Rb7 59.
Rc4 Ra7 60. Kg4 Kg6 61. Rc6+ Kg7 62. Re6 Kf7 63. Re4 Kg7 64. h5 Rb7 65. Kh4 Kh7
66. Kg4 Kg7 67. h6+ Kg6 68. Re6+ Kh7 69. Kh5 Rc7 70. Rf6 Rc8 71. Rf7+ Kg8 72.
Kg6 Rc6+ 73. Rf6 Rc8 74. h7+ Kh8 75. Kh6 Rc6 76. Kg6 Rb6 77. Kf7 Rb7+ 78. Kg6
Rb6 79. Kf5 Rb5+ 80. Kg6 Rb6 1/2-1/2